000 00625nam a2200241Ia 4500
003 OSt
005 20220928123915.0
006 a|||||r|||| 00| 0
007 ta
008 220927b |||||||| |||| 00| 0 eng d
024 _a82256
037 _cTextual
040 _aSDCL
_cSDCL
_beng
041 _2eng
_aeng
082 _aX62.2'P, P7
100 _aSultan Singh
_9462114
245 0 _aBanking sector reforms in India
260 _aNew Delhi
_bKanishka Pub
_c2007
300 _axv,208p
_ccm.
650 _aBanking India
942 _hX62.2'P, P7
_cTEXL
_2CC
999 _c775127
_d775127